Male Kpop Idols by picture Pt.3 Quiz Stats

Quiz not verified by Sporcle

Score 0/20 Timer 10:00
0 Plays Today
% Correct
Suga
95.1%
T.O.P
92.6%
Minho
92.2%
BamBam
90.3%
Bobby
87.9%
Baekhyun
87.7%
Leo
87.4%
Lay
87.2%
Woozi
84%
Ken
81.5%
% Correct
Kyuhyun
77.8%
P.O
66.1%
Woohyun
63.8%
CNU
62.3%
C.A.P
59.5%
Kyung
58.2%
Takuya
40.7%
Minhyun
38.5%
ATom
33.3%
AJ
23.7%

You're not logged in!

Compare scores with friends on all Sporcle quizzes.
Sign Up with Email
OR
Log In

You Might Also Like...

Show Comments

Extras

Top Quizzes Today


Score Distribution

Your Account Isn't Verified!

In order to create a playlist on Sporcle, you need to verify the email address you used during registration. Go to your Sporcle Settings to finish the process.